| 000 | 00885nam a2200265Ia 4500 | ||
|---|---|---|---|
| 003 | OSt | ||
| 005 | 20221007064521.0 | ||
| 006 | a|||||r|||| 00| 0 | ||
| 007 | ta | ||
| 008 | 221006b |||||||| |||| 00| 0 eng d | ||
| 024 | _a2,064 | ||
| 037 | _cTextual | ||
| 040 |
_aFLL _cFLL _beng |
||
| 041 |
_2eng _aeng |
||
| 082 | _aY1:434:Zy7, L0;2 | ||
| 100 |
_aMurphy Arthur W. Au. _9685908 |
||
| 245 | 0 |
_aLaw and poverty _b Cases and materials |
|
| 260 |
_aDelhi _bFaculty of Law, University of Delhi India _c1970 |
||
| 650 | _aLaw and poverty | ||
| 700 |
_a Errabi B. Au. _9685909 |
||
| 700 |
_a Menon N. R. Madhava Au. _9685910 |
||
| 700 |
_a Mysore Narasimhaswamy Au. _9685911 |
||
| 942 |
_hY1:434:Zy7, L0;2 _cTEXL _2CC |
||
| 999 |
_c1134319 _d1134319 |
||